<?xml version="1.0" encoding="UTF-8"?>
<record
    xmlns:xsi="http://www.w3.org/2001/XMLSchema-instance"
    xsi:schemaLocation="http://www.loc.gov/MARC21/slim http://www.loc.gov/standards/marcxml/schema/MARC21slim.xsd"
    xmlns="http://www.loc.gov/MARC21/slim">

  <leader>00588nam a2200193Ia 4500</leader>
  <controlfield tag="005">20250913093110.0</controlfield>
  <controlfield tag="008">240520s9999    xx            000 0 und d</controlfield>
  <datafield tag="041" ind1=" " ind2=" ">
    <subfield code="a">TAMIL</subfield>
  </datafield>
  <datafield tag="082" ind1=" " ind2=" ">
    <subfield code="a">920</subfield>
  </datafield>
  <datafield tag="082" ind1=" " ind2=" ">
    <subfield code="b">THA</subfield>
  </datafield>
  <datafield tag="100" ind1=" " ind2=" ">
    <subfield code="a">&#xBA4;&#xBA9;&#xBC1;&#xB9C;&#xBBE; &#xB9A;&#xBBF;&#xB99;&#xBCD;&#xB95;&#xBAE;&#xBCD;</subfield>
  </datafield>
  <datafield tag="245" ind1=" " ind2="0">
    <subfield code="a">&#xBA4;&#xBA9;&#xBC1;&#xB9C;&#xBBE; &#xB88;&#xBB4;&#xBA4;&#xBCD; &#xBA4;&#xBBF;&#xBB0;&#xBC1;&#xBA8;&#xB99;&#xBCD;&#xB95;&#xBC8;&#xBAF;&#xBBF;&#xBA9;&#xBCD; &#xBAA;&#xBAF;&#xBA3;&#xBAE;&#xBC1;&#xBAE;&#xBCD; &#xBAA;&#xBCB;&#xBB0;&#xBBE;&#xB9F;&#xBCD;&#xB9F;&#xBAE;&#xBC1;&#xBAE;&#xBCD;</subfield>
  </datafield>
  <datafield tag="250" ind1=" " ind2=" ">
    <subfield code="a">II</subfield>
  </datafield>
  <datafield tag="260" ind1=" " ind2=" ">
    <subfield code="a">&#xB9A;&#xBC6;&#xBA9;&#xBCD;&#xBA9;&#xBC8;</subfield>
  </datafield>
  <datafield tag="260" ind1=" " ind2=" ">
    <subfield code="b">&#xB95;&#xBB0;&#xBC1;&#xBAA;&#xBCD;&#xBAA;&#xBC1;&#xBAA;&#xBCD; &#xBAA;&#xBBF;&#xBB0;&#xBA4;&#xBBF;&#xB95;&#xBB3;&#xBCD;</subfield>
  </datafield>
  <datafield tag="260" ind1=" " ind2=" ">
    <subfield code="c">2021</subfield>
  </datafield>
  <datafield tag="300" ind1=" " ind2=" ">
    <subfield code="a">352 pages</subfield>
  </datafield>
  <datafield tag="942" ind1=" " ind2=" ">
    <subfield code="c">TAMIL</subfield>
  </datafield>
  <datafield tag="999" ind1=" " ind2=" ">
    <subfield code="c">501925</subfield>
    <subfield code="d">501925</subfield>
  </datafield>
  <datafield tag="952" ind1=" " ind2=" ">
    <subfield code="0">0</subfield>
    <subfield code="1">0</subfield>
    <subfield code="4">0</subfield>
    <subfield code="7">0</subfield>
    <subfield code="a">ACL</subfield>
    <subfield code="b">ACL</subfield>
    <subfield code="c">2B</subfield>
    <subfield code="d">2024-05-21</subfield>
    <subfield code="g">245.00</subfield>
    <subfield code="l">1</subfield>
    <subfield code="o">920 THA</subfield>
    <subfield code="p">641229</subfield>
    <subfield code="r">2025-10-13 10:52:44</subfield>
    <subfield code="s">2025-09-13</subfield>
    <subfield code="v">245.00</subfield>
    <subfield code="w">2024-05-21</subfield>
    <subfield code="y">TAMIL</subfield>
  </datafield>
  <datafield tag="952" ind1=" " ind2=" ">
    <subfield code="0">0</subfield>
    <subfield code="1">0</subfield>
    <subfield code="4">0</subfield>
    <subfield code="7">0</subfield>
    <subfield code="a">ACL</subfield>
    <subfield code="b">ACL</subfield>
    <subfield code="d">2024-05-21</subfield>
    <subfield code="g">245.00</subfield>
    <subfield code="l">1</subfield>
    <subfield code="o">920 THA</subfield>
    <subfield code="p">641230</subfield>
    <subfield code="r">2026-04-13 10:58:22</subfield>
    <subfield code="s">2026-03-26</subfield>
    <subfield code="v">245.00</subfield>
    <subfield code="w">2024-05-21</subfield>
    <subfield code="y">BK</subfield>
  </datafield>
</record>
